000 00492nam a2200205Ia 4500
003 OSt
005 20260221113328.0
008 210210b1928 xxu||||| |||| 00| 0 eng d
040 _cAL
041 _aeng
082 _a823.9 BENI
100 _aRobert Hugh Benson
_9256309
245 _aInitiation
260 _aLondon
_bBurns Oates & Washbourne Ltd.,
_c1928
300 _a336p
650 _aInitiation
_9256310
690 _aEnglish Fiction
_9256311
906 _a040454
942 _2ddc
_cBK
999 _c90654
_d90654